[Event "7. Lovsprings EMT Basis 4 1995"]
[Site "Ringsted"]
[Date "1995.04.28"]
[Round "5"]
[White "Rasmussen, Kasper"]
[Black "Henriksen, Mikkel"]
[Result "0-1"]
[WhiteElo "1000"]
[BlackElo "1102"]
[PlyCount "58"]
[EventDate "1995.??.??"]

1. e4 e5 2. Nf3 Nc6 3. Bb5 Nf6 4. Nc3 Be7 5. h3 d6 6. O-O Bd7 7. d3 Nh5 8. Bxc6
Bxc6 9. Ng5 g6 10. Nxf7 Kxf7 11. Qf3+ Kg7 12. Nd5 Bxd5 13. exd5 Rf8 14. Qg4 Nf4
15. Qe6 Nxe6 16. dxe6 Bh4 17. c3 Qf6 18. Be3 Qxe6 19. d4 Rf5 20. Rae1 Raf8 21.
Re2 Bg3 22. fxg3 Rxf1+ 23. Kh2 Kg8 24. Bg1 Rxg1 25. Kxg1 Qf5 26. Kh2 Qf1 27.
Re3 Rf2 28. Re2 Rxe2 29. h4 Qxg2# 0-1

[Event "7. Lovsprings EMT Basis 4 1995"]
[Site "Ringsted"]
[Date "1995.04.28"]
[Round "5"]
[White "Schmidt, Hans Christian"]
[Black "Nielsen, Poul"]
[Result "1/2-1/2"]
[WhiteElo "1034"]
[BlackElo "1164"]
[PlyCount "32"]
[EventDate "1995.??.??"]

1. e4 e5 2. Nf3 Nc6 3. Bb5 Nf6 4. Nc3 Bc5 5. O-O O-O 6. d3 Re8 7. Bg5 Be7 8.
Bxc6 bxc6 9. Nxe5 Bb7 10. Nf3 h6 11. Bf4 d5 12. exd5 cxd5 13. Nb5 Bd6 14. Bxd6
cxd6 15. Nbd4 Qb6 16. Rb1 Bc8 1/2-1/2

[Event "7. Lovsprings EMT Basis 4 1995"]
[Site "Ringsted"]
[Date "1995.04.28"]
[Round "5"]
[White "Skytt, Soren"]
[Black "Abdi, Farhad"]
[Result "0-1"]
[WhiteElo "1000"]
[BlackElo "1100"]
[PlyCount "34"]
[EventDate "1995.??.??"]

1. d4 g6 2. c3 Bg7 3. Nf3 d6 4. Bf4 Nf6 5. Nbd2 O-O 6. e3 c6 7. Bc4 d5 8. Bb3
Be6 9. O-O Qd7 10. Bxb8 Raxb8 11. g3 Bg4 12. Qc2 Qe6 13. h3 Bxf3 14. Nxf3 Qxh3
15. Ng5 Qh5 16. f4 Ng4 17. Qd1 Qh2# 0-1

[Event "7. Lovsprings EMT Basis 4 1995"]
[Site "Ringsted"]
[Date "1995.05.05"]
[Round "6"]
[White "Astrup, Knud"]
[Black "Laugesen, Kristian"]
[Result "1-0"]
[WhiteElo "1188"]
[BlackElo "1000"]
[PlyCount "105"]
[EventDate "1995.??.??"]

1. f4 d5 2. Nf3 Nc6 3. e3 g6 4. Bb5 Bd7 5. Bxc6 Bxc6 6. O-O Bg7 7. Qe2 e6 8. d3
Ne7 9. Nbd2 Qd6 10. Rb1 Nf5 11. Nb3 O-O-O 12. d4 a6 13. Qf2 f6 14. Nbd2 h6 15.
c4 dxc4 16. Nxc4 Qb4 17. b3 Bd5 18. Ba3 Qb5 19. Rbc1 Bf8 20. Bxf8 Rhxf8 21. Nh4
Nxh4 22. Qxh4 h5 23. Rc3 Bxc4 24. Rxc4 Rd6 25. Rfc1 c6 26. Qg3 Qf5 27. Qe1 Kd7
28. a4 Rc8 29. g3 g5 30. e4 Qg6 31. e5 Rd5 32. Qe3 gxf4 33. Qxf4 fxe5 34. dxe5
Qg7 35. Re1 Rf8 36. Qe3 Rf5 37. Re4 Qg5 38. Qxg5 Rxg5 39. Kg2 Rg4 40. Kf3 Rd3+
41. R4e3 Rxe3+ 42. Rxe3 Ke7 43. h3 Rd4 44. g4 hxg4+ 45. hxg4 Kf7 46. Kg3 Kg6
47. Kh4 b6 48. Rf3 Rd8 49. Rf6+ Kg7 50. Rxe6 Rh8+ 51. Kg5 Kf7 52. Rxc6 Rg8+ 53.
Kf5 1-0

[Event "7. Lovsprings EMT Basis 4 1995"]
[Site "Ringsted"]
[Date "1995.05.05"]
[Round "6"]
[White "Christensen, Knud"]
[Black "Skytt, Soren"]
[Result "1-0"]
[WhiteElo "1142"]
[BlackElo "1000"]
[PlyCount "31"]
[EventDate "1995.??.??"]

1. e4 e5 2. Nf3 Nc6 3. Bc4 h6 4. O-O Nf6 5. Nc3 Bc5 6. d3 O-O 7. Nh4 Nxe4 8.
Nxe4 Qxh4 9. Nxc5 d6 10. Ne4 Rd8 11. Bd5 Ne7 12. g3 Qh3 13. c4 c6 14. Bxf7+
Kxf7 15. f4 h5 16. Ng5+ 1-0

[Event "7. Lovsprings EMT Basis 4 1995"]
[Site "Ringsted"]
[Date "1995.05.05"]
[Round "6"]
[White "Henriksen, Mikkel"]
[Black "Pettersson, Paul"]
[Result "1-0"]
[WhiteElo "1102"]
[BlackElo "1166"]
[PlyCount "78"]
[EventDate "1995.??.??"]

1. e4 c5 2. d4 cxd4 3. Qxd4 Nc6 4. Qe3 e5 5. Bc4 Nd4 6. Bb3 Qf6 7. Ne2 Bc5 8.
Nxd4 Bxd4 9. Qe2 Ne7 10. Nc3 Bxc3+ 11. bxc3 O-O 12. g3 d6 13. h4 Qg6 14. h5 Qg4
15. Qe3 h6 16. f4 exf4 17. Qxf4 Qxf4 18. Bxf4 Rd8 19. O-O-O Bg4 20. Rxd6 Rxd6
21. Bxd6 Nc6 22. Bd5 Be6 23. Rf1 Bxd5 24. exd5 Na5 25. Bc7 b6 26. Rd1 Rc8 27.
d6 Nc6 28. Re1 Kh7 29. Kd2 f6 30. Kd3 b5 31. Ke4 Re8+ 32. Kd5 Re5+ 33. Kxc6
Rxe1 34. d7 Re3 35. d8=Q Rxc3+ 36. Kb7 a6 37. Kxa6 Ra3+ 38. Kxb5 f5 39. Qd7 Re3
1-0

[Event "7. Lovsprings EMT Basis 4 1995"]
[Site "Ringsted"]
[Date "1995.05.05"]
[Round "6"]
[White "Johansen, Bjarne"]
[Black "Nikolajsen, Martin"]
[Result "0-1"]
[WhiteElo "1100"]
[BlackElo "1098"]
[PlyCount "60"]
[EventDate "1995.??.??"]

1. e4 e5 2. c4 Nf6 3. Nc3 Bb4 4. a3 Bxc3 5. bxc3 Nxe4 6. Qe2 Nc5 7. Rb1 O-O 8.
Qe3 d6 9. d4 exd4 10. cxd4 Re8 11. dxc5 Rxe3+ 12. Bxe3 dxc5 13. Rd1 Qe7 14. Ne2
Nc6 15. g3 Be6 16. Nf4 Bg4 17. Rd5 Bf3 18. Bg2 Bxg2 19. Nxg2 Qe4 20. O-O Qxc4
21. Rfd1 h6 22. Bxc5 b6 23. Ne3 Qb3 24. R5d3 Qa4 25. Bb4 Nxb4 26. axb4 Qxb4 27.
Nd5 Qd6 28. Re1 Kh8 29. Re7 c6 30. Nf4 Qxe7 0-1

[Event "7. Lovsprings EMT Basis 4 1995"]
[Site "Ringsted"]
[Date "1995.05.05"]
[Round "6"]
[White "Lind, Steffen"]
[Black "Vilsgaard, Lars"]
[Result "0-1"]
[WhiteElo "1000"]
[BlackElo "1116"]
[PlyCount "126"]
[EventDate "1995.??.??"]

1. e4 e5 2. Nf3 Nc6 3. Bc4 h6 4. d3 Bc5 5. Nc3 d6 6. h3 Nf6 7. O-O O-O 8. a3 a6
9. Nd5 Be6 10. Nxf6+ Qxf6 11. Bxe6 Qxe6 12. c3 Bb6 13. d4 exd4 14. cxd4 Qxe4
15. Be3 Qd5 16. Qd2 Qb3 17. Rad1 Ba5 18. Qc1 d5 19. Ne5 Nxe5 20. dxe5 c6 21.
Bd4 Rae8 22. Qc5 Qb5 23. Qd6 Rd8 24. Qe7 Rfe8 25. Qh4 Re6 26. Qg3 Rde8 27. f4
Bb6 28. Rf2 Bxd4 29. Rxd4 Qc5 30. Rfd2 Qc1+ 31. Kh2 Rg6 32. Qf2 Qb1 33. Rd1 Qa2
34. f5 Rg5 35. h4 Rh5 36. g4 Rxh4+ 37. Qxh4 Qxb2+ 38. R1d2 Qxa3 39. Qe1 Qe7 40.
Re2 f6 41. e6 Qd6+ 42. Kh3 Qa3+ 43. Re3 Qc5 44. Rb4 Re7 45. Rbb3 Qd4 46. Red3
Qf4 47. Qb1 Qb8 48. Rd2 b5 49. Rc2 Qd6 50. Ra2 Ra7 51. Qa1 c5 52. Rba3 Qe5 53.
Qg1 d4 54. Rxa6 Rxa6 55. Rxa6 c4 56. Ra8+ Kh7 57. Rc8 d3 58. Qc1 Qe4 59. Qd1
Qe3+ 60. Kg2 b4 61. Rxc4 b3 62. Rc3 Qe4+ 63. Kf1 Qh1+ 0-1

[Event "7. Lovsprings EMT Basis 4 1995"]
[Site "Ringsted"]
[Date "1995.05.05"]
[Round "6"]
[White "Madsen, Kjeld"]
[Black "Schmidt, Hans Christian"]
[Result "1-0"]
[WhiteElo "1170"]
[BlackElo "1034"]
[PlyCount "53"]
[EventDate "1995.??.??"]

1. d4 Nf6 2. Bf4 e6 3. c4 d5 4. c5 c6 5. Nf3 Nbd7 6. e3 Ne4 7. Bd3 Qa5+ 8. Nfd2
g5 9. Bg3 Nxg3 10. fxg3 Qd8 11. O-O h5 12. e4 b6 13. Qf3 Qe7 14. exd5 g4 15.
Qe2 cxd5 16. Nc3 Bb7 17. Nb5 Kd8 18. Nd6 Nf6 19. b4 Bc6 20. Bb5 Kc7 21. Bxc6
Kxc6 22. Qb5+ Kc7 23. Rac1 Kd8 24. Qc6 Rb8 25. Rc2 Nd7 26. Rxf7 Ne5 27. dxe5
1-0

[Event "7. Lovsprings EMT Basis 4 1995"]
[Site "Ringsted"]
[Date "1995.05.05"]
[Round "6"]
[White "Nielsen, Poul"]
[Black "Olesen, Michael"]
[Result "0-1"]
[WhiteElo "1164"]
[BlackElo "1038"]
[PlyCount "153"]
[EventDate "1995.??.??"]

1. d4 d5 2. e3 Nc6 3. c4 Nf6 4. Nc3 e6 5. a3 b6 6. Bd3 Bb7 7. Nf3 Bd6 8. Qc2
Ne7 9. c5 bxc5 10. Nb5 c4 11. Nxd6+ Qxd6 12. Be2 Qb6 13. Ne5 O-O 14. f3 Qd6 15.
g4 Nc6 16. f4 Ne4 17. Bf3 Na5 18. Bxe4 dxe4 19. Nxc4 Qc6 20. b3 Ba6 21. Kd1 Qb5
22. Nxa5 Qxa5 23. Qxe4 Qb5 24. Qc2 Qb7 25. Re1 Rac8 26. b4 Qf3+ 27. Re2 Bxe2+
28. Qxe2 Qxe2+ 29. Kxe2 Rcd8 30. Bb2 Rd6 31. Rc1 Rc8 32. b5 Rb6 33. Rc5 a6 34.
Rc6 Rxb5 35. Bc3 Rb3 36. a4 f6 37. Kf3 Kf7 38. Ba5 Ra3 39. Rxa6 c6 40. Bb4 Ra2
41. h4 Rb8 42. Bc5 Rc8 43. Ra7+ Kg8 44. a5 Rb8 45. Ra6 Rbb2 46. Ra8+ Kf7 47.
Rf8+ Kg6 48. h5+ Kh6 49. Ke4 Rxa5 50. Re8 Rg2 51. Kf3 Raa2 52. g5+ fxg5 53.
Rxe6+ Kxh5 54. Rxc6 g4+ 55. Ke4 g3 56. Be7 Rh2 57. Rc5+ Kg6 58. Rg5+ Kf7 59.
Rxg3 Kxe7 60. Rxg7+ Kf8 61. Rb7 Ra3 62. Rb8+ Kg7 63. Rb7+ Kf8 64. Rb8+ Kg7 65.
Rb7+ Kg6 66. f5+ Kh6 67. f6 Rh4+ 68. Kf3 Ra8 69. Kg3 Rh5 70. Kg4 Rg5+ 71. Kf4
Rf8 72. Rb6 Kg6 73. e4 h5 74. e5 Rf5+ 75. Ke4 h4 76. Rd6 Rf1 77. Kd3 0-1

[Event "7. Lovsprings EMT Basis 4 1995"]
[Site "Ringsted"]
[Date "1995.05.19"]
[Round "7"]
[White "Andersen, Jorgen"]
[Black "Astrup, Knud"]
[Result "1-0"]
[WhiteElo "1151"]
[BlackElo "1188"]
[PlyCount "115"]
[EventDate "1995.??.??"]

1. e4 e6 2. d4 d5 3. e5 c5 4. c4 dxc4 5. Qa4+ Bd7 6. Qxc4 cxd4 7. Qxd4 Nc6 8.
Qe4 Qa5+ 9. Bd2 Qxe5 10. Qxe5 Nxe5 11. Be2 Nf6 12. f4 Nc6 13. Nf3 Be7 14. Nc3
Bb4 15. Nb5 Bxd2+ 16. Nxd2 O-O 17. Bf3 a6 18. Nc3 Rac8 19. Bxc6 Rxc6 20. O-O
Rd8 21. Rad1 Be8 22. h3 Rcd6 23. Nc4 Rxd1 24. Rxd1 Nd5 25. Ne5 f6 26. Nc4 Rd7
27. Ne4 Nxf4 28. Rxd7 Bxd7 29. Nc5 Bc6 30. Ne3 Kf7 31. Kf2 e5 32. h4 h5 33. Nf5
e4 34. Nd6+ Ke7 35. Ndxb7 Nd3+ 36. Ke3 Nxc5 37. Nxc5 a5 38. Nxe4 f5 39. Ng3 g6
40. Ne2 Kf6 41. g3 g5 42. hxg5+ Kxg5 43. Nd4 Bd5 44. a3 Kg4 45. Ne2 Bf3 46. Nd4
Be4 47. Ne2 Bc6 48. b4 axb4 49. axb4 Bd7 50. Nf4 Bb5 51. Ne2 Bxe2 52. Kxe2 Kxg3
53. b5 f4 54. b6 f3+ 55. Kf1 h4 56. b7 h3 57. b8=Q+ Kg4 58. Kf2 1-0

[Event "7. Lovsprings EMT Basis 4 1995"]
[Site "Ringsted"]
[Date "1995.05.19"]
[Round "7"]
[White "Christensen, Knud"]
[Black "Nielsen, Poul"]
[Result "1-0"]
[WhiteElo "1142"]
[BlackElo "1164"]
[PlyCount "45"]
[EventDate "1995.??.??"]

1. e4 e5 2. g3 Bc5 3. Bg2 Nf6 4. Ne2 d5 5. Nbc3 d4 6. Nd5 Nfd7 7. b4 Bd6 8. c4
c6 9. c5 Bf8 10. Nef4 cxd5 11. Nxd5 Nf6 12. d3 Nxd5 13. exd5 Na6 14. a3 Bf5 15.
Qe2 f6 16. f4 Kf7 17. fxe5 fxe5 18. d6 Qd7 19. O-O Ke8 20. Qxe5+ Be6 21. Bd5
Kd8 22. Bxe6 Qb5 23. Bg5+ 1-0

[Event "7. Lovsprings EMT Basis 4 1995"]
[Site "Ringsted"]
[Date "1995.05.19"]
[Round "7"]
[White "Lind, Steffen"]
[Black "Madsen, Kjeld"]
[Result "0-1"]
[WhiteElo "1000"]
[BlackElo "1170"]
[PlyCount "74"]
[EventDate "1995.??.??"]

1. e4 e5 2. Nf3 Nc6 3. Bc4 Bc5 4. b4 Bxb4 5. c3 Bd6 6. Qb3 Nh6 7. d4 Na5 8. Qa4
Nxc4 9. Qxc4 Qf6 10. Bg5 Qg6 11. Nbd2 c6 12. dxe5 Bxe5 13. Bxh6 Bxc3 14. Qxc3
Qxh6 15. O-O O-O 16. Nd4 d6 17. h3 Qf6 18. Qe3 c5 19. N4f3 Qg6 20. Qg5 h6 21.
Qxg6 fxg6 22. Rad1 Be6 23. a3 b5 24. e5 Rad8 25. Ne4 Bc4 26. Rfe1 dxe5 27. Nxc5
Rd5 28. Rxd5 Bxd5 29. Rxe5 Bxf3 30. gxf3 Rxf3 31. Re3 Rf6 32. Kg2 a5 33. Kg3
Rf5 34. Nb3 a4 35. Na5 h5 36. f4 g5 37. Re5 gxf4+ 0-1

[Event "7. Lovsprings EMT Basis 4 1995"]
[Site "Ringsted"]
[Date "1995.05.19"]
[Round "7"]
[White "Rasmussen, Kasper"]
[Black "Pettersson, Paul"]
[Result "0-1"]
[WhiteElo "1000"]
[BlackElo "1166"]
[PlyCount "46"]
[EventDate "1995.??.??"]

1. e4 c5 2. Bc4 e6 3. Nf3 d6 4. Nc3 a6 5. d4 cxd4 6. Nxd4 Nc6 7. Nxc6 bxc6 8.
O-O Bb7 9. e5 dxe5 10. Qxd8+ Rxd8 11. Be3 Nf6 12. Bb6 Rd7 13. Rad1 Be7 14. Rxd7
Nxd7 15. Bc7 O-O 16. Rd1 Nc5 17. Bxe5 Rd8 18. Re1 Kf8 19. Re3 Rd2 20. Bb3 Nxb3
21. axb3 Bc5 22. Rh3 Rxc2 23. Ne4 Rc1# 0-1

[Event "7. Lovsprings EMT Basis 4 1995"]
[Site "Ringsted"]
[Date "1995.05.19"]
[Round "7"]
[White "Schmidt, Hans Christian"]
[Black "Abdi, Farhad"]
[Result "1-0"]
[WhiteElo "1034"]
[BlackElo "1100"]
[PlyCount "106"]
[EventDate "1995.??.??"]

1. e4 Nc6 2. Nf3 e5 3. Bb5 a6 4. Ba4 Nf6 5. O-O Be7 6. Re1 d6 7. d4 Bg4 8. dxe5
dxe5 9. Qxd8+ Rxd8 10. Nxe5 Rd6 11. c3 O-O 12. Bxc6 bxc6 13. Bf4 Re6 14. Nxg4
Nxg4 15. Bxc7 Bc5 16. Bg3 Rfe8 17. Nd2 Bd6 18. Bxd6 Rxd6 19. Nc4 Rde6 20. f3
Nf6 21. Rad1 Rb8 22. b3 Ne8 23. Rd7 Kf8 24. Ra7 Nd6 25. Nxd6 Rxd6 26. Re2 c5
27. c4 g6 28. Rc7 Rbd8 29. Rxc5 Rd4 30. Rd5 R4xd5 31. exd5 a5 32. Kf2 Rd6 33.
Rd2 Ke7 34. c5 Ra6 35. a4 Kd7 36. Rc2 Ra7 37. Ke3 Kc7 38. Kd4 h5 39. Re2 Kd8
40. d6 Rb7 41. Kc3 Rb4 42. Re4 Rb7 43. Re7 Rxe7 44. dxe7+ Kxe7 45. Kc4 Kd7 46.
Kb5 Kc7 47. b4 axb4 48. Kxb4 Kc6 49. Kc4 f5 50. a5 Kb7 51. Kd5 g5 52. Ke5 f4
53. Kf5 g4 1-0

[Event "7. Lovsprings EMT Basis 4 1995"]
[Site "Ringsted"]
[Date "1995.05.19"]
[Round "7"]
[White "Vilsgaard, Lars"]
[Black "Laugesen, Kristian"]
[Result "1/2-1/2"]
[WhiteElo "1116"]
[BlackElo "1000"]
[PlyCount "59"]
[EventDate "1995.??.??"]

1. e4 e5 2. Nf3 Nc6 3. Bb5 Nf6 4. Bxc6 bxc6 5. d3 d6 6. O-O Be6 7. h3 h6 8. Nc3
Qd7 9. Nh2 g5 10. Qf3 Be7 11. Ne2 g4 12. hxg4 Nxg4 13. Qg3 Rg8 14. a3 O-O-O 15.
Be3 Kb8 16. Rfe1 h5 17. Nxg4 Bxg4 18. f3 Bh3 19. Bxa7+ Kxa7 20. Qf2+ Kb7 21. g3
Bh4 22. Kh1 Rg7 23. Rg1 Rdg8 24. gxh4 f6 25. Rxg7 Rxg7 26. Rg1 Qf7 27. Rxg7
Qxg7 28. Qg3 Qd7 29. Qg6 Bf1 30. Ng1 1/2-1/2